Pertenencia y diferencia: Explorando identidades nacionales /
שמור ב:
| מחבר ראשי: | |
|---|---|
| פורמט: | Texto |
| נושאים: | |
| תגים: |
הוספת תג
אין תגיות, היה/י הראשונ/ה לתייג את הרשומה!
|
MARC
| LEADER | 00000 a a2200000 04500 | ||
|---|---|---|---|
| 001 | 47905 | ||
| 003 | |||
| 040 | |||
| 100 | |a Sandoval García, Carlos | ||
| 245 | |a Pertenencia y diferencia: |b Explorando identidades nacionales / |c Carlos Sandoval García | ||
| 650 | |a NACIONALIDAD | ||
| 650 | |2 MACROTHESAURUS DE LA OCDE/ | ||
| 650 | |a DISCRIMINACION | ||
| 650 | |2 MACROTHESAURUS DE LA OCDE/ | ||
| 650 | |a COSTARRICENSES | ||
| 650 | |2 MACROTHESAURUS DE LA OCDE/ | ||
| 650 | |a NICARAGUENSES | ||
| 650 | |2 MACROTHESAURUS DE LA OCDE | ||
| 773 | |g Capítulo 1, páginas 3-44 | ||
| 999 | |c 32594 |d 32594 | ||
